Library Logo

Pioneer International University Library Catalogue

Parallel models of associative memory / (Record no. 5656)

MARC details
000 -LEADER
fixed length control field 00542cam a2200157 i 4500
005 - DATE AND TIME OF LATEST TRANSACTION
control field 20250901165539.0
008 - FIXED-LENGTH DATA ELEMENTS--GENERAL INFORMATION
fixed length control field 810108s1981 njua b 101 0 eng
010 ## - LIBRARY OF CONGRESS CONTROL NUMBER
LC control number 80028697
020 ## - INTERNATIONAL STANDARD BOOK NUMBER
International Standard Book Number 0898591058
050 00 - LIBRARY OF CONGRESS CALL NUMBER
Classification number BF371 .P27 1981
Item number .P27 1981
082 00 - DEWEY DECIMAL CLASSIFICATION NUMBER
Classification number 153.1/2
Edition information 19
245 00 - TITLE STATEMENT
Title Parallel models of associative memory /
Statement of responsibility, etc. edited by Geoffrey E. Hinton, James A. Anderson.
260 ## - PUBLICATION, DISTRIBUTION, ETC.
Place of publication, distribution, etc. Hillsdale, N.J. :
Name of publisher, distributor, etc. Lawrence Erlbaum Associates,
Date of publication, distribution, etc. 1981.
300 ## - PHYSICAL DESCRIPTION
Extent viii, 295 p. :
Other physical details ill. ;
Dimensions 24 cm.
942 ## - ADDED ENTRY ELEMENTS (KOHA)
Source of classification or shelving scheme Library of Congress Classification
Classification part BF371 .P27 1981
Holdings
Withdrawn status Lost status Source of classification or shelving scheme Damaged status Not for loan Home library Current library Shelving location Date acquired Total checkouts Full call number Barcode Date last seen Price effective from Koha item type
    Library of Congress Classification     Main Library Main Library   06/08/2021   BF371 .P27 1981 PIU0006807 06/08/2021 06/08/2021 Books